000 00606nam a22002297a 4500
003 UA-OsUOA
001 103954
007 ta
008 20131128b un ||||| |||| 00| 0 ukr d
090 _a94(477).15
942 _cBK
040 _aUA-OsUOA
_bukr
_cUA-OsUOA
_dUA-OsUOA
245 _aУкраїнська діаспора у світі
_bдовідник
300 _a48 с.
955 _a2
041 _aukr
080 _a94(477).15
020 _a5-7770-0609-4
260 _aК.
_bЗнання
_c1993
650 7 _a9 Географія. Біографії. Історія
_2UDC
999 _c389366
_d389366